Flaggen der Provinzen Italiens - Statistiken

Allgemein
  • Dieses Quiz wurde 110 mal gespielt
  • Das Durchschnittsergebnis liegt bei 14 aus 20
Antwortstatistiken
Bildquiz Antwort % Korrekt
Sizilien
96%
Sardinien
92%
Toskana
84%
Lombardei
78%
Marken
77%
Molise
74%
Venetien
73%
Trentino Südtirol
70%
Emilia Romagna
69%
Latium
67%
Kalabrien
65%
Apulien
63%
Umbrien
63%
Ligurien
62%
Piemont
62%
Aostatal
59%
Kampanien
55%
Basilikata
52%
Abruzzen
49%
Friaul Julisch Venetien
41%
Keine übereinstimmenden Quizze gefunden
Verteilung der Resultate
Anzahl Personen mit jedem Resultat
Perzentil nach korrekt beantworteten Fragen
Ihre Resultats-Entwicklung
Sie haben dieses Quiz noch nicht gespielt